| 000 | 00628nam a2200217Ia 4500 | ||
|---|---|---|---|
| 008 | 240729s9999 xx 000 0 und d | ||
| 022 | _a2664-4584 | ||
| 245 | 0 | _aJournal of Natural & Applied Sciences Pakistan | |
| 260 | _aPakistan | ||
| 260 | _bKinnaird College for Women | ||
| 650 | _a Biology (General) | Science | ||
| 650 | _a Chemistry | Science | ||
| 650 | _a Geology | Science | ||
| 650 | _a Mathematics | Science | ||
| 650 | _a Physics | Science | ||
| 650 | _a Science (General) | ||
| 650 | _aScience | ||
| 856 | _uhttps://doaj.org/toc/0db1ad76acb34358a44534768626a7de | ||
| 942 | _2ddc | ||
| 942 | _cDOAJEJ | ||
| 999 |
_c70733 _d70733 |
||
| 945 |
_a1 _bMadushi Gamage _c1 _dMadushi Gamage |
||